书目信息 |
| 题名: |
图书馆事业与图书馆学教育
|
|
| 作者: | 吴慰慈 著 | |
| 分册: | ||
| 出版信息: | 北京 北京图书馆出版 2006 |
|
| 页数: | 435页 | |
| 开本: | 21cm | |
| 丛书名: | 20世纪中国图书馆学研究文库 | |
| 单 册: | ||
| 中图分类: | G259.2-53 | |
| 科图分类: | ||
| 主题词: | 图书馆事业--中国--文集 , 图书馆学--教育工作--中国--文集 , 图书馆学 , 教育工作 , 图书馆事业 | |
| 电子资源: | ||
| ISBN: | 7-5013-3011-5 | |
| 000 | 00976oam2 2200301 450 | |
| 001 | 003221156 | |
| 005 | 20070804111547.00 | |
| 010 | @a7-5013-3011-5@dCNY32.00 | |
| 100 | @a20060529d2006 em y0chiy0110 ea | |
| 101 | 1 | @achi |
| 102 | @aCN@b110000 | |
| 105 | @ay z 000yy | |
| 200 | 1 | @a图书馆事业与图书馆学教育@9tu shu guan shi ye yu tu shu guan xue jiao yu@f吴慰慈著 |
| 210 | @a北京@c北京图书馆出版@d2006 | |
| 215 | @a435页@d21cm | |
| 225 | 2 | @a20世纪中国图书馆学研究文库 |
| 300 | @a“北京大学创建世界一流大学计划”经费资助 | |
| 330 | @a本书收录了作者近几年所发表的论文,主要分图书馆事业、馆藏建设、图书馆教育等部分。 | |
| 461 | 0 | @12001 @a20世纪中国图书馆学研究文库 |
| 606 | 0 | @a图书馆事业@y中国@j文集 |
| 606 | 0 | @a图书馆学@x教育工作@y中国@j文集 |
| 606 | 0 | @a图书馆学 |
| 606 | 0 | @a教育工作 |
| 606 | 0 | @a图书馆事业 |
| 690 | @aG259.2-53@v4 | |
| 701 | 0 | @a吴慰慈@9wu wei ci@f(1937.7~)@4著 |
| 801 | 0 | @aCN@bNLC@c20070804 |
| 905 | @a10447@dG259.2-53@e29 | |
| 图书馆事业与图书馆学教育/吴慰慈著.-北京:北京图书馆出版,2006 |
| 435页;21cm.-(20世纪中国图书馆学研究文库) |
| “北京大学创建世界一流大学计划”经费资助 |
| ISBN 7-5013-3011-5:CNY32.00 |
| 本书收录了作者近几年所发表的论文,主要分图书馆事业、馆藏建设、图书馆教育等部分。 |
| ● |
| 相关链接 |
|
|
|
|
正题名:图书馆事业与图书馆学教育
索取号:G259.2-53/29
 
预约/预借
| 序号 | 登录号 | 条形码 | 馆藏地/架位号 | 状态 | 备注 |
| 1 | 0803933 | 208039335 | 第一样本阅览室/ [索取号:G259.2-53/29] | 在馆 | |
| 2 | 0803934 | 208039344 | 第四借阅区/ [索取号:G259.2-53/29] | 在馆 | |
| 3 | 0803935 | 208039353 | 第四借阅区/ [索取号:G259.2-53/29] | 在馆 | |
| 4 | 0803936 | 208039362 | 第四借阅区/ [索取号:G259.2-53/29] | 在馆 | |
| 5 | 0803937 | 208039371 | 第四借阅区/ [索取号:G259.2-53/29] | 在馆 | |
| 6 | 0803938 | 208039380 | 第四借阅区/ [索取号:G259.2-53/29] | 在馆 | |
| 7 | 0803939 | 208039399 | 第四借阅区/ [索取号:G259.2-53/29] | 在馆 | |
| 8 | 0803940 | 208039406 | 第四借阅区/ [索取号:G259.2-53/29] | 在馆 | |
| 9 | 0803941 | 208039415 | 第四借阅区/ [索取号:G259.2-53/29] | 在馆 | |
| 10 | 0803942 | 208039424 | 第四借阅区/ [索取号:G259.2-53/29] | 在馆 |